<?xml version="1.0" encoding="UTF-8"?>
<marc:record xmlns:marc="http://www.loc.gov/MARC21/slim">
   <marc:leader>00000nam a2200000 a 4500</marc:leader>
   <marc:datafield ind1="1" ind2=" " tag="100">
      <marc:subfield code="a">Spezzano, Chuck</marc:subfield>
      <marc:subfield code="4">aut</marc:subfield>
      <marc:subfield code="e">Verfasser/-in</marc:subfield>
   </marc:datafield>
   <marc:datafield ind1=" " ind2=" " tag="653">
      <marc:subfield code="a">Softcover / Ratgeber/Gesundheit/Alternative Heilverfahren</marc:subfield>
   </marc:datafield>
   <marc:datafield ind1=" " ind2=" " tag="653">
      <marc:subfield code="a">Ratgeber</marc:subfield>
   </marc:datafield>
   <marc:datafield ind1="0" ind2="0" tag="245">
      <marc:subfield code="a">Emotionale Reife</marc:subfield>
   </marc:datafield>
   <marc:datafield ind1="0" ind2="0" tag="245">
      <marc:subfield code="b">die Heilung der Gefühlswelt</marc:subfield>
   </marc:datafield>
   <marc:datafield ind1="0" ind2="0" tag="245">
      <marc:subfield code="c">Chuck Spezzano. [Übers. aus dem Engl.: Ulrike Kraemer</marc:subfield>
   </marc:datafield>
   <marc:datafield ind1=" " ind2="1" tag="264">
      <marc:subfield code="b">Verl. Via Nova</marc:subfield>
      <marc:subfield code="c">2014</marc:subfield>
   </marc:datafield>
   <marc:datafield ind1=" " ind2=" " tag="250">
      <marc:subfield code="a">1. Aufl.</marc:subfield>
   </marc:datafield>
   <marc:datafield ind1="1" ind2=" " tag="520">
      <marc:subfield code="a">Angaben aus der Verlagsmeldung

Emotionale Reife : Die Heilung der Gefühlswelt / von Chuck Spezzano

Chuck Spezzanos internationaler Bestseller „Wenn es verletzt, ist es keine Liebe“ inspirierte bis heute unzählige Menschen weltweit. Nach fast 20 Jahren präsentiert der berühmte Weisheitslehrer nun den ersten Teil der Fortsetzung seines erfolgreichen Meisterwerks, in das der reiche Erfahrungsschatz seiner Arbeit mit Menschen auf Seminaren und Trainings in der ganzen Welt einfließt. Den Leser erwartet wieder ein Feuerwerk an Inspirationen und Weisheiten, aufgeteilt in praktische, in sich abgeschlossene Lektionen, die mitten im Leben abholen und auf den Pfad der emotionalen Reife führen. Ein Handbuch des Herzens - stets überraschend, humorvoll, tiefgründig und voller Liebe, weist es den Weg zu lebendigem Glück, erfüllenden Beziehungen und innerem Wachstum.
</marc:subfield>
   </marc:datafield>
   <marc:datafield ind1=" " ind2=" " tag="020">
      <marc:subfield code="a">9783866162808</marc:subfield>
      <marc:subfield code="9">9783866162808</marc:subfield>
   </marc:datafield>
   <marc:datafield ind1=" " ind2=" " tag="020">
      <marc:subfield code="a">3866162804</marc:subfield>
      <marc:subfield code="9">3866162804</marc:subfield>
   </marc:datafield>
   <marc:datafield ind1=" " ind2=" " tag="041">
      <marc:subfield code="a">ger</marc:subfield>
   </marc:datafield>
   <marc:datafield ind1=" " ind2=" " tag="300">
      <marc:subfield code="a">197 S.</marc:subfield>
   </marc:datafield>
</marc:record>
